00417nam a2200157Ia 4500008004100000020001800041082001800059100002300077245004500100250000600145260002500151300001500176500002500191650001900216700002400235230524s9999 xx 000 0 und d a9780071072540 a320.4021bCEN a"Cengel, Yunus A " 0aThermodynamics: An Engineering Approach  a6 aNew DelhibTMHc2013 axvii;978p. aQuantity Number: 11 aThermodynamics a"Boles, Michael A "